| 000 | 00473nam a2200169Ia 4500 | ||
|---|---|---|---|
| 999 |
_c11672 _d11672 |
||
| 003 | OSt | ||
| 005 | 20201015095844.0 | ||
| 008 | 190216s9999||||xx |||||||||||||| ||und|| | ||
| 040 | _coclc | ||
| 082 |
_a823.8 _bDIC/M |
||
| 100 |
_aDickens, Charles _94855 |
||
| 245 | 0 |
_aMR. Pickwick / _cCharles Dickens |
|
| 260 |
_bUniversity Of London Press, _c1950. _aLondon: |
||
| 300 | _a160p | ||
| 650 | _aNovel | ||
| 942 |
_cBK _2ddc _h823.8 _iDIC/M _k823.8 _mDIC/M |
||